Organická chemie

Salvato in:
Dettagli Bibliografici
Autori principali: Červinka, Otakar, 1925-2000, Dědek, Václav (Autore, autor), Ferles, Miloslav (Autore, autor)
Natura: Libro
Lingua:ceco
Pubblicazione: Praha Státní nakladatelství technické literatury 1982
Edizione:3. nezměn. vyd.
Soggetti:
Accesso online:Visualizza in OPAC
Tags: Aggiungi Tag
Nessun Tag, puoi essere il primo ad aggiungerne!!

MARC

LEADER 00000nam a2200000 a 4500
005 20260127134402.0
008 090725s1982 xr 001 0 cze d
035 |a vtls009793724 
035 |a (SVKBBclas03)vtls000270285 
039 9 |a 201602051038  |b AUTHORITY  |c 201110280957  |d mschk03  |y 200907251945  |z VLOAD 
040 |a SVKBB  |b slo  |c SVKBB  |d STUSCHK1  |e AACR2 
041 0 |a cze 
080 |a 547(075.8)  |2 2001 
100 1 |a Červinka, Otakar,  |d 1925-2000  |9 877 
245 1 0 |a Organická chemie  |c Otakar Červinka, Václav Dědek, Miloslav Ferles 
250 |a 3. nezměn. vyd. 
260 |a Praha  |b Státní nakladatelství technické literatury  |c 1982 
300 |a 791 s.  |b reg., obr., tab. 
650 0 7 |a organická chémia  |2 SVKBBPH 
655 7 |a učebnice vysokých škôl  |2 SVKBBPH 
700 1 |a Dědek, Václav  |e autor  |4 aut 
700 1 |a Ferles, Miloslav  |e autor  |4 aut 
910 |a SCHK95 
999 |c 11458  |d 11458